[Event "NOR-ch Clubs 2017"]
[Site "Kristiansund"]
[Date "2017.10.21"]
[Round "4"]
[White "Nordquelle, Daniel"]
[Black "Schouten, Mathias Lind"]
[Result "1-0"]
[WhiteElo "2196"]
[BlackElo "1750"]
[Annotator "NA"]
[PlyCount "69"]
[EventDate "2017.??.??"]
[EventType "team-tourn"]
[EventCountry "NOR"]
[SourceTitle "playchess.com"]
[Source "ChessBase"]
[SourceQuality "1"]
[TimeControl "40/5400:1800"]

1. e4 {[%emt 0:01:41]} e5 {[%emt 0:00:38]} 2. Nf3 {[%emt 0:00:20]} Nc6 {[%emt 0:00:06]} 3. Bc4 {[%emt 0:00:04]} Nf6 {[%emt 0:00:05]} 4. d3 {[%emt 0:00:04]} Bc5 {[%emt 0:00:04]} 5. O-O {[%emt 0:00:10]} O-O {[%emt 0:00:04]} 6. Nbd2 {[%emt 0:01:00] C50: Italienische Partie} (6. a4 a5 7. c3 d5 8. exd5 Nxd5 9. Nbd2 Nb6 10. Bb5 Bd6 11. Ne4 Bg4 12. h3 Bh5 13. Ng3 Bg6 {0-1 (39) Anand,V (2783)-Aronian,L (2799) Saint Louis 2017}) 6... Re8 {[%emt 0:00:06]} 7. Re1 {[%emt 0:02:06]} Bf8 {[%emt 0:00:08]} 8. c3 {[%emt 0:01:01]} d6 $146 {[%emt 0:00:07]} ({Vorgänger:} 8... d5 9. Bb3 dxe4 10. dxe4 Bg4 11. h3 Bh5 12. Nf1 Nd7 13. Ng3 Bg6 14. Qe2 {½-½ (62) Misko,J-Pomorska,K Poland 1996}) 9. Bb3 {[%emt 0:00:04]} Be6 {[%emt 0:00:10]} 10. Bc2 {[%emt 0:00:21]} Ne7 {[%emt 0:00:30]} 11. d4 {[%emt 0:00:36]} Ng6 {[%emt 0:00:42]} 12. Nf1 {[%emt 0:00:07]} c6 {[%emt 0:01:04]} 13. Ne3 {[%emt 0:01:57]} Qc7 {[%emt 0:13:32]} 14. d5 {[%emt 0:06:55]} cxd5 {[%emt 0:00:25]} 15. exd5 {[%emt 0:00:15]} Bg4 {[%emt 0:06:57]} 16. h3 {[%emt 0:01:53]} Bxf3 {[%emt 0:00:07]} 17. Qxf3 {[%emt 0:00:04]} Nf4 {[%emt 0:13:01]} 18. Kh2 {[%emt 0:03:54]} Qc5 {[%emt 0:12:10]} 19. Rd1 {[%emt 0:02:12]} b5 {[%emt 0:00:46]} 20. g3 {[%emt 0:00:31]} Ng6 {[%emt 0:00:14]} 21. Ng4 {[%emt 0:09:13]} Nxg4+ {[%emt 0:02:55]} 22. hxg4 {[%emt 0:00:07]} b4 {[%emt 0:05:04]} 23. Be3 {[%emt 0:00:23]} Qa5 {[%emt 0:00:33]} 24. c4 {[%emt 0:00:16]} Qc7 {[%emt 0:00:45]} 25. b3 {[%emt 0:00:12]} a5 {[%emt 0:01:03]} 26. Be4 {[%emt 0:02:17]} a4 {[%emt 0:02:03]} 27. Kg2 {[%emt 0:00:52]} axb3 {[%emt 0:00:53]} 28. axb3 {[%emt 0:00:06]} Ra5 $18 {[%emt 0:03:06]} (28... Rxa1 29. Rxa1 Qc8) 29. g5 {[%emt 0:01:36]} Nh8 {[%emt 0:08:26]} 30. Bxh7+ {[%emt 0:01:29]} Kxh7 {[%emt 0:00:34]} 31. Qh5+ {[%emt 0:00:23]} Kg8 {[%emt 0:00:04]} 32. Rh1 {[%emt 0:00:10]} f6 {[%emt 0:00:46]} 33. Rxa5 {[%emt 0:00:32]} Qxa5 {[%emt 0:00:16]} 34. Qxe8 {[%emt 0:00:09]} Qa2 {[%emt 0:00:51]} 35. Qe6+ {[%emt 0:00:19]} 1-0

[Event "NOR-ch Clubs 2017"]
[Site "Kristiansund"]
[Date "2017.10.21"]
[Round "4"]
[White "Dahl, Trygve"]
[Black "Hansen, Torbjorn Ringdal"]
[Result "0-1"]
[WhiteElo "2193"]
[BlackElo "2397"]
[Annotator "TA"]
[PlyCount "62"]
[EventDate "2017.??.??"]
[EventType "team-tourn"]
[EventCountry "NOR"]
[SourceTitle "playchess.com"]
[Source "ChessBase"]
[SourceQuality "1"]

{[%evp 18,62,47,20,20,30,21,27,11,0,0,-45,-24,-70,-66,-77,-81,-56,-66,-122,-136,-145,-129,-255,-291,-253,-266,-341,-246,-339,-319,-1206,-1197,-1161,-1162,-1171,-1126,-1154,-1117,-2385,-2314,-29977,-11906,-29980,-29981,-2768,-2585]} 1. e4 c6 2. d4 d5 3. Nc3 dxe4 4. Nxe4 Nf6 5. Nxf6+ exf6 6. c3 Bd6 7. Bd3 O-O 8. Ne2 Re8 9. Qc2 {B15: Caro-Kann: 3 Nc3: 3...g6 and 3...dxe4 4 Nxe4 Nf6 5 Nxf6+ exf6} h5 (9... g6 10. h4 Be6 11. h5 f5 12. Be3 Qf6 13. O-O-O Nd7 14. c4 b5 15. hxg6 hxg6 16. c5 Bc7 17. Rh6 Qg7 18. Rh4 {1-0 (40) Savchenko,B (2602)-Maghsoodloo,P (2590) Khomeyn 2017}) 10. Be3 {LiveBook: 3 Games} Nd7 11. O-O-O {The position is equal.} Nf8 12. Kb1 Be6 13. Ng3 $146 ({Predecessor:} 13. Nf4 Bxf4 14. Bxf4 b5 15. Be4 Bd5 16. Rhe1 Bxe4 17. Rxe4 {0-1 (52) Abrahamyan,T (2364)-Krush,I (2444) Saint Louis 2017}) 13... g6 14. Bh6 f5 15. Bc1 b5 16. Ne2 a5 {[%cal Ba7a5,Ba5a4][%mdl 32]} 17. f3 a4 18. g4 (18. h3 $15) 18... fxg4 19. fxg4 hxg4 20. Nf4 {[#]} (20. Rdf1 $17 {was called for.}) 20... Bxf4 $1 $19 21. Bxf4 Qd5 22. a3 {[#]} Qa2+ $1 23. Kc1 Bb3 {[%cal Be6b3,Bb3d5,Bd5e4,Be4f5][%mdl 32]} 24. Qg2 $2 (24. Qb1 Qxb1+ 25. Kxb1) 24... Qa1+ 25. Bb1 Bd5 26. Qf1 Ne6 27. Be5 Be4 28. Rd3 {[#]} Nc5 $1 {[%mdl 512]} 29. dxc5 Rxe5 30. Qe2 Rae8 31. Rhd1 Bf5 {Precision: White = 18%, Black = 98%.} 0-1

[Event "NOR-ch Clubs 2017"]
[Site "Kristiansund"]
[Date "2017.10.21"]
[Round "4"]
[White "Moen, Ole Christian"]
[Black "Haug, Rune"]
[Result "1-0"]
[WhiteElo "2174"]
[BlackElo "1800"]
[Annotator "TA"]
[PlyCount "141"]
[EventDate "2017.??.??"]
[EventType "team-tourn"]
[EventCountry "NOR"]
[SourceTitle "playchess.com"]
[Source "ChessBase"]
[SourceQuality "1"]

{[%evp 19,141,0,0,18,20,8,38,7,5,5,5,5,0,-41,-34,-36,-43,-76,-77,-77,-41,-58,-24,-34,-10,-44,0,0,0,0,0,0,0,0,0,0,0,0,0,-22,0,0,0,0,0,0,0,0,0,0,0,0,0,0,0,0,0,0,0,0,0,0,0,0,0,0,0,0,0,0,0,0,0,0,0,0,0,0,0,0,0,0,0,0,0,0,0,0,8,7,8,8,8,8,8,0,0,0,0,0,8,8,129,129,129,129,129,129,154,8,8,0,154,135,311,210,29970,29970,29983,29984,29987,29981,29984,29985]} 1. e4 e5 2. Nc3 Nf6 3. Nf3 Nc6 4. Bc4 Bb4 5. O-O O-O 6. d3 Bxc3 7. bxc3 d5 8. exd5 Nxd5 9. Bd2 Bg4 10. h3 Bh5 11. Re1 {And now g4 would win. C42: Petroff Defence: 3 Nxe5 and unusual White 3rd moves} (11. g4 Bg6 12. Re1 Re8 13. a4 h6 14. a5 e4 15. dxe4 Bxe4 16. a6 bxa6 17. Bg5 Nf6 18. Qxd8 Raxd8 19. Bxf6 gxf6 {½-½ (31) Zvjaginsev,V (2679)-Sethuraman,S (2637) Caleta 2017}) 11... Re8 12. Rb1 (12. Bb5 {feels hotter.} f6 13. Bc4 b6 14. Bb3 Rb8 15. Qe2) 12... Qd6 $146 ({Predecessor:} 12... Nb6 13. Bb5 Qd6 14. g4 Bg6 15. Nh4 a6 16. Bxc6 Qxc6 17. Qf3 Qxf3 18. Nxf3 {0-1 (68) Begnis,N (2417)-Geske,J (2276) Germany 2010}) 13. Bxd5 {White is slightly better.} (13. g4 {looks sharper.} Bg6 14. Nh4 b6 15. Qf3 Rad8 16. Bb5) 13... Qxd5 14. g4 Bg6 15. c4 Qd7 16. Nh4 b6 17. Nxg6 hxg6 18. Rb5 f6 19. Bc3 Rad8 20. Rd5 Qf7 21. Rxd8 Rxd8 22. Qf3 Ne7 23. Qb7 Nc8 $1 24. a4 c5 25. Qxf7+ Kxf7 $11 {[%mdl 4096] Endgame KRB-KRN} 26. a5 g5 27. Kg2 Rd6 28. Ra1 Rd7 29. Kg3 Ke6 30. h4 gxh4+ 31. Kxh4 g5+ 32. Kg3 Rh7 33. Kg2 Kd6 34. f3 Kc6 35. axb6 axb6 36. Bd2 Rh4 37. Re1 Rh7 38. Ra1 Rh4 39. Be3 Rh7 40. Kg3 Rh8 41. Re1 Rh7 42. Ra1 Rh8 43. Bg1 Rh7 44. Kf2 (44. Bf2 {is interesting.} Kb7 45. Be1 Ne7 46. Rb1 Kc6 47. Ra1) 44... Ra7 45. Rxa7 Nxa7 {KB-KN} 46. Ke2 Kd6 47. Ke3 Ke6 48. c3 Nc6 49. Ke4 Na5 50. Bf2 Nc6 51. Ke3 Kd6 52. Kd2 Ne7 53. d4 exd4 54. cxd4 Nc6 55. Bg3+ Kd7 56. d5 Nd4 57. Ke3 b5 58. cxb5 Nxb5 59. Kd3 Nd4 60. f4 {Threatens to win with fxg5.} gxf4 (60... Nf3 $11) 61. Bxf4 $16 Nb5 62. Bg3 ({Don't play} 62. Kc4 $6 Nd6+ 63. Kd3 (63. Kxc5 Ne4+ 64. Kc4 Nf2 $11) 63... Nc8 $11) 62... Ke7 63. Bh2 $1 Kd7 {[#]} 64. Kc4 (64. Bf4 $1 $16) 64... Nd6+ $1 $11 65. Kd3 ({Better is} 65. Kxc5 $11 Ne4+ 66. Kc4) 65... Nb5 $16 {[#]} 66. Bf4 $1 ({Weaker is} 66. Kc4 Nd6+ 67. Kd3 (67. Kxc5 Ne4+ 68. Kc4 Nf2 $11) 67... Nc8 $11) 66... Ke7 $2 (66... Na3 $16 67. Kc3 Nb5+ 68. Kb3 (68. Kc4 Nd6+ 69. Kd3 Nc8 $11) 68... Na7) 67. Kc4 $18 Nd6+ $2 (67... Nd4 $18 68. Kxc5 Nf3) 68. Kxc5 {White mates.} Ne4+ 69. Kc6 Nf2 70. Kc7 Nxg4 71. d6+ {Precision: White = 65%, Black = 67%.} 1-0

[Event "NOR-ch Clubs 2017"]
[Site "Kristiansund"]
[Date "2017.10.21"]
[Round "4"]
[White "Tofte, Sondre Waage"]
[Black "Kaasen, Tor Fredrik"]
[Result "1/2-1/2"]
[WhiteElo "2169"]
[BlackElo "2371"]
[Annotator "TA"]
[PlyCount "62"]
[EventDate "2017.??.??"]
[EventType "team-tourn"]
[EventCountry "NOR"]
[SourceTitle "playchess.com"]
[Source "ChessBase"]
[SourceQuality "1"]

{[%evp 30,62,-35,-54,-50,-50,-50,-58,0,-59,-20,-28,-26,-20,-20,-21,-28,-25,-25,-22,-22,-35,0,0,0,0,12,12,29,0,0,0,23,0,0]} 1. e4 c5 2. Nf3 e6 3. d4 cxd4 4. Nxd4 Nc6 5. Nc3 Qc7 6. Be2 Nf6 7. O-O Be7 8. Be3 O-O 9. Kh1 d6 10. f4 Nxd4 11. Qxd4 b6 {B83: Sicilian Scheveningen: 6 Be2, lines without ...a6} 12. e5 dxe5 13. fxe5 Nd7 14. Bf3 Ba6 15. Bxa8 Bxf1 16. Rxf1 {[#] LiveBook: 4 Games. Threatens to win with Nb5.} Rxa8 {[#]} 17. Nb5 $146 ({Predecessor:} 17. Qf4 Rf8 18. Bd4 a6 19. Rf3 {0-1 (40) Kovchan,A (2585)-Eljanov,P (2719) Lvov 2014}) 17... Qc6 18. a4 Bc5 (18... a6 $15 19. Nc3 Bc5) 19. Qc3 (19. Qf4 $1 $11 Rf8 20. Nxa7) 19... Qe4 (19... a6 $5 {[%cal Ra6b5]} 20. Nd6 {[#]} Nxe5 $1 {[%mdl 512]} 21. Nxf7 Nxf7 $17) 20. Bxc5 bxc5 21. b3 a6 ({Avoid the trap} 21... Nxe5 $2 22. Re1 $18) 22. Re1 Qb4 23. Qxb4 cxb4 $11 {[%mdl 4096] Endgame KRN-KRN} 24. Nd6 Rd8 25. Nc4 Nc5 26. Kg1 Rd4 27. Kf2 Nxa4 28. Ke3 Rg4 29. Kf3 (29. Rd1 $5 {[%cal Rd1d8]} h6 30. Kf3 $11) 29... Rd4 30. Ke3 Rg4 31. Kf3 Rd4 {Precision: White = 56%, Black = 52%.} 1/2-1/2

[Event "NOR-ch Clubs 2017"]
[Site "Kristiansund"]
[Date "2017.10.21"]
[Round "4"]
[White "Lund, Terje"]
[Black "Al-Tarbosh, Ward"]
[Result "1/2-1/2"]
[WhiteElo "2101"]
[BlackElo "2270"]
[Annotator "TA"]
[PlyCount "80"]
[EventDate "2017.??.??"]
[EventType "team-tourn"]
[EventCountry "NOR"]
[SourceTitle "playchess.com"]
[Source "ChessBase"]
[SourceQuality "1"]

{[%evp 15,80,18,19,19,19,5,17,5,16,-20,-18,-20,-18,-11,-16,-6,34,20,27,1,83,53,61,54,54,48,93,99,162,154,154,112,158,89,126,124,172,172,168,170,168,168,166,164,191,203,194,177,188,172,198,180,181,182,179,138,146,145,161,164,171,156,157,152,150,0,0]} 1. Nf3 d5 2. g3 Nf6 3. Bg2 c6 4. O-O Bf5 5. b3 Nbd7 6. Bb2 h6 7. d3 e6 8. Nbd2 Bh7 9. Re1 {A07: Réti Opening: New York and Capablanca Systems} (9. c4 Be7 10. a3 a5 11. Bc3 b5 12. cxb5 cxb5 13. b4 a4 14. e4 Rc8 15. Rc1 O-O 16. Qe2 Nb8 17. Bd4 {½-½ (30) Hickl,J (2628)-Jussupow,A (2593) Switzerland 2014}) 9... Be7 10. e4 O-O 11. Qe2 Qc7 12. Bh3 $146 ({Predecessor:} 12. a3 Rfd8 13. Rac1 a5 14. e5 Ne8 15. d4 Qb6 16. h4 Nc7 17. Qe3 {½-½ (36) Petran,P (2322)-Kekic,A (2218) Pula 2007}) 12... dxe4 13. dxe4 Nc5 14. e5 Nfe4 15. Nc4 Rad8 16. Bg2 b5 17. Ne3 b4 (17... f5 $11) 18. Rad1 Nc3 19. Bxc3 $1 bxc3 20. Qc4 {Hoping for Nd4.} Rxd1 21. Rxd1 Rd8 (21... Nd7 $16) 22. Rxd8+ $18 ({Don't play} 22. Qxc3 $6 Rxd1+ 23. Nxd1 Ne4 $14) 22... Qxd8 23. Qxc3 Be4 24. Qd4 (24. Nd4 $142) 24... Qc7 25. Nd2 Bxg2 26. Kxg2 Nd7 27. Nec4 Bc5 28. Qe4 Nb6 29. Nxb6 Qxb6 30. Nc4 Qc7 31. Qd3 Be7 32. c3 c5 33. f3 Qc6 34. Kf2 Qa6 35. a3 {[%cal Ba2a3,Ba3a4][%mdl 32] Black must now prevent Qd7.} Qb5 36. Qd1 f6 37. a4 Qb7 38. Ke3 fxe5 39. Nxe5 Bf6 {[#]} 40. Qd7 (40. Nc4 $1 $16) 40... Qxb3 {Precision: White = 61%, Black = 42%.} 1/2-1/2

[Event "NOR-ch Clubs 2017"]
[Site "Kristiansund"]
[Date "2017.10.21"]
[Round "4"]
[White "Hagen, Brede Andre Larsen"]
[Black "Mihajlov, Sebastian"]
[Result "1/2-1/2"]
[WhiteElo "2069"]
[BlackElo "2393"]
[Annotator "TA"]
[PlyCount "25"]
[EventDate "2017.??.??"]
[EventType "team-tourn"]
[EventCountry "NOR"]
[SourceTitle "playchess.com"]
[Source "ChessBase"]
[SourceQuality "1"]

{[%evp 11,20,0,18,0,0,-3,62,37,110,109,104]} 1. e4 e5 2. f4 d5 3. exd5 c6 4. Qe2 cxd5 5. fxe5 Nc6 6. Nf3 {C31: Falkbeer Counter Gambit: 3 exd5 c6 and 3...e4 sidelines.} Bg4 {LiveBook: 3 Games} 7. Qf2 (7. c3 d4 8. Qe4 Bxf3 9. gxf3 Nge7 10. Na3 Ng6 11. Bb5 Bxa3 12. Bxc6+ bxc6 13. bxa3 {½-½ (63) Darmin,D (2376)-Jamilov,R (2429) Ufa 2012}) 7... Bxf3 8. Qxf3 Nd4 (8... Qe7 $11) 9. Qd3 Qh4+ (9... Nc6 $1 $14) 10. g3 $16 Qe4+ {Predecessor:} 11. Qxe4 $146 dxe4 12. Kd1 Rc8 13. Nc3 {1-0 (13) Eberth,Z-Hanison,B corr 1992} 1/2-1/2

[Event "NOR-ch Clubs 2017"]
[Site "Kristiansund"]
[Date "2017.10.21"]
[Round "4"]
[White "Lobersli, Henrik Oie"]
[Black "Olsen, Thorstein"]
[Result "1-0"]
[WhiteElo "2047"]
[BlackElo "1838"]
[Annotator "NA RC"]
[PlyCount "71"]
[EventDate "2017.??.??"]
[EventType "team-tourn"]
[EventCountry "NOR"]
[SourceTitle "playchess.com"]
[Source "ChessBase"]
[SourceQuality "1"]
[TimeControl "40/5400:1800"]

1. d4 {[%emt 0:03:35]} Nf6 {[%emt 0:00:08]} 2. Bg5 {[%emt 0:00:22]} e6 {[%emt 0:00:29]} 3. e4 {[%emt 0:00:28]} Be7 {[%emt 0:01:34]} 4. e5 {[%emt 0:00:34]} Nd5 {[%emt 0:01:09]} 5. Bxe7 {[%emt 0:00:10]} Qxe7 {[%emt 0:01:20]} 6. c4 {[%emt 0:01:05]} Nb6 {[%emt 0:04:00] A45: Trompowsky Attack} (6... Qb4+ 7. Nd2 Ne7 8. Qc1 d6 9. Ngf3 dxe5 10. a3 Qb6 11. dxe5 Nd7 12. Qc3 a5 13. Bd3 a4 14. O-O Qa5 15. Qd4 Nc6 16. Qg4 g6 17. Rfe1 Ndxe5 18. Nxe5 {½-½ (18) Bjazevic,P (2509)-Livie,G (2339) ICCF email 2010}) 7. Nc3 {[%emt 0:13:04]} O-O {[%emt 0:03:46]} 8. Nf3 {[%emt 0:03:43]} d6 {[%emt 0:01:20]} 9. exd6 {[%emt 0:01:56]} cxd6 {[%emt 0:00:39]} 10. Bd3 {[%emt 0:01:11]} Nc6 {[%emt 0:01:59]} 11. O-O {[%emt 0:02:31]} f5 $146 ({Predecessor:} 11... Nb4 12. Re1 Nxd3 13. Qxd3 Bd7 14. b4 {0-1 (61) Pojer,H (2045)-Almer,G (2092) Austria 2013}) 12. Re1 {[%emt 0:08:54]} Nb4 {[%emt 0:07:33]} 13. Bf1 {[%emt 0:02:03]} Bd7 {[%emt 0:03:25]} 14. a3 {[%emt 0:01:37]} Na6 {[%emt 0:01:36]} 15. b4 {[%emt 0:01:20]} Rac8 {[%emt 0:01:39]} 16. c5 {[%emt 0:01:39]} Qf6 {[%emt 0:04:23]} 17. Qb3 {[%emt 0:02:33]} dxc5 {[%emt 0:06:48]} 18. bxc5 {[%emt 0:02:29]} Nxc5 {[%emt 0:00:27]} 19. dxc5 {[%emt 0:00:38]} Rxc5 {[%emt 0:00:28]} 20. Nb5 {[%emt 0:02:57]} Nd5 {[%emt 0:08:47]} 21. Nbd4 {[%emt 0:03:27]} b6 {[%emt 0:02:51]} 22. Rad1 {[%emt 0:07:31]} Rc3 {[%emt 0:14:03]} 23. Qa2 {[%emt 0:03:46]} Rfc8 {[%emt 0:01:18]} (23... Rcc8 $142 24. Ne5 Ba4) 24. Ne5 {[%emt 0:04:53]} Ba4 {[%emt 0:01:31]} 25. Rd2 {[%emt 0:00:47]} Rc1 {[%emt 0:02:01]} 26. Rxc1 {[%emt 0:03:46]} Rxc1 {[%emt 0:00:04]} 27. Qb2 {[%emt 0:00:10]} Rxf1+ {[%emt 0:00:59]} 28. Kxf1 {[%emt 0:00:06]} Qxe5 {[%emt 0:00:10]} 29. Qc1 {[%emt 0:01:56]} Bd7 {[%emt 0:08:14]} 30. Kg1 {[%emt 0:03:58]} Kf7 {[%emt 0:01:10]} 31. Nf3 {[%emt 0:01:33]} Qf6 {[%emt 0:01:38]} 32. Rd1 $11 {[%emt 0:00:26]} Ke7 {[%emt 0:01:31]} 33. Nd4 {[%emt 0:01:03]} e5 {[%emt 0:01:14]} 34. Nxf5+ {[%emt 0:02:08]} Qxf5 {[%emt 0:00:59]} 35. Rxd5 {[%emt 0:00:02]} Qe6 {[%emt 0:00:21]} 36. Qg5+ {[%emt 0:00:35]} 1-0

[Event "NOR-ch Clubs 2017"]
[Site "Kristiansund"]
[Date "2017.10.21"]
[Round "4"]
[White "Dahl, Torbjorn"]
[Black "Ranaldi, Lucas"]
[Result "0-1"]
[WhiteElo "1974"]
[BlackElo "2267"]
[Annotator "TA"]
[PlyCount "82"]
[EventDate "2017.??.??"]
[EventType "team-tourn"]
[EventCountry "NOR"]
[SourceTitle "playchess.com"]
[Source "ChessBase"]
[SourceQuality "1"]

{[%evp 17,82,2,0,-56,-48,-70,-64,-102,-84,-109,-108,-170,-133,-153,-150,-182,-176,-172,-182,-177,-169,-185,-175,-184,-192,-214,-196,-277,-204,-205,-88,-90,-64,-401,-414,-346,-352,-469,-461,-431,-235,-406,-363,-513,-506,-492,-488,-703,-683,-625,-683,-779,-784,-784,-758,-765,-731,-2453,-1612,-1495,-1475,-1597,-1567,-1615,-1388,-2072,-1543]} 1. e4 c6 2. d3 d5 3. Nd2 g6 4. Ngf3 Bg7 5. g3 e5 6. Bg2 Ne7 7. Qe2 Qc7 8. O-O O-O 9. Re1 d4 {LiveBook: 4 Games. B10: Caro-Kann: 2 d3 and 2 c4} 10. Nf1 ({White should try} 10. c3 $11) (10. Rf1 c5 11. Ne1 Bh6 12. a4 Nbc6 13. Nc4 Bxc1 14. Rxc1 Be6 15. f4 f6 16. Ra1 Rae8 17. fxe5 Nxe5 18. Nxe5 Qxe5 {1-0 (40) Davletbayeva,M (2220)-Gorbatov,A (2361) Khanty-Mansiysk 2012}) 10... c5 $15 11. h3 Nbc6 {Black is slightly better.} 12. g4 $146 ({Predecessor:} 12. Nh4 Be6 13. Nh2 Rac8 14. f4 f6 15. Rf1 b5 16. f5 {0-1 (47) Standal,B (1949)-Valla,M (2050) Gausdal 2005}) 12... f6 13. Ng3 Be6 14. g5 (14. Rd1 $17) 14... Kh8 15. gxf6 Rxf6 ({Don't do} 15... Bxf6 16. Bd2 $17) 16. Bg5 Rf7 17. Bd2 h6 {[%cal Bh7h6,Bh6h5][%mdl 32]} 18. Nh2 Raf8 19. Rf1 Nd8 20. Ng4 Ng8 21. Rae1 Bc8 22. c3 (22. Qd1 {might work better.}) 22... h5 23. Nh2 Bh6 (23... Ne6 $19 {and Black stays clearly on top.} 24. Nf3 dxc3 25. bxc3 Nf4 26. Bxf4 Rxf4) 24. Bxh6 $17 Nxh6 25. Nf3 $2 {[%mdl 8192]} (25. Qd2 $15 Kg7 26. cxd4 exd4 27. Ne2) 25... Ne6 $19 26. Qd2 Kh7 27. Ng5+ Nxg5 28. Qxg5 dxc3 (28... Rf4 $142 29. Ne2 Nf7) 29. bxc3 $2 {[#]} (29. Ne2 cxb2 30. Qd2) 29... h4 $1 {[%mdl 512]} 30. Ne2 {[#]} ({Avoid the trap} 30. Qxh4 $2 Rf4 $19) (30. Qe3 $142 hxg3 31. fxg3) 30... Rf4 $1 {[%mdl 512] Black is clearly winning.} 31. Nxf4 Rxf4 32. d4 (32. Bh1 $142 Bxh3 33. Kh2 (33. Bg2 $2 Rg4 $19) 33... Bxf1 34. Rxf1) 32... Nf7 33. Qxf4 exf4 34. e5 {[#]} f3 $1 35. Bxf3 Bxh3 36. Bg2 Bxg2 37. e6 Bxf1 38. Kxf1 Nd6 39. e7 Ne8 40. d5 Qd6 41. c4 h3 {Precision: White = 27%, Black = 58%.} 0-1

[Event "NOR-ch Clubs 2017"]
[Site "Kristiansund"]
[Date "2017.10.21"]
[Round "4"]
[White "Simensen, Vegard"]
[Black "Satre, Stig"]
[Result "1/2-1/2"]
[WhiteElo "1969"]
[BlackElo "1768"]
[Annotator "NA RC"]
[PlyCount "60"]
[EventDate "2017.??.??"]
[EventType "team-tourn"]
[EventCountry "NOR"]
[SourceTitle "playchess.com"]
[Source "ChessBase"]
[SourceQuality "1"]
[TimeControl "40/5400:1800"]

1. d4 c6 2. Nf3 d5 {[%emt 0:01:37]} 3. c4 {[%emt 0:02:47]} Nf6 {[%emt 0:01:21]} 4. Nc3 {[%emt 0:03:47]} e6 {[%emt 0:02:08]} 5. e3 {[%emt 0:02:16]} Be7 {[%emt 0:03:51]} 6. Qc2 {[%emt 0:04:56]} O-O {[%emt 0:03:33]} 7. Bd3 {[%emt 0:03:28]} Nbd7 {[%emt 0:00:42]} 8. O-O {[%emt 0:02:13]} b6 {[%emt 0:02:31]} 9. e4 {[%emt 0:09:40]} dxe4 {[%emt 0:01:24]} 10. Nxe4 {[%emt 0:00:55]} Bb7 {[%emt 0:01:29]} 11. Rd1 {[%emt 0:09:44]} Rc8 {[%emt 0:01:23]} 12. Nxf6+ {[%emt 0:04:41]} Nxf6 {[%emt 0:00:32]} 13. c5 {[%emt 0:05:08]} Re8 {[%emt 0:02:55]} 14. b4 {[%emt 0:02:33]} b5 {[%emt 0:01:16]} 15. a4 {[%emt 0:06:11]} a6 {[%emt 0:00:32]} 16. Bf4 {[%emt 0:06:21]} g6 {[%emt 0:01:29]} 17. Be5 {[%emt 0:02:24]} Nd5 {[%emt 0:04:19]} 18. Qd2 {[%emt 0:02:39]} Bf8 {[%emt 0:01:25]} 19. a5 {[%emt 0:01:34]} f6 {[%emt 0:01:31]} 20. Bg3 {[%emt 0:01:16]} Kf7 {[%emt 0:00:31]} 21. h4 {[%emt 0:01:31]} Bg7 {[%emt 0:02:27]} 22. Rab1 {[%emt 0:01:41]} Ne7 {[%emt 0:00:24]} 23. Re1 {[%emt 0:01:14]} Nf5 {[%emt 0:00:15]} 24. Bxf5 {[%emt 0:01:14]} exf5 {[%emt 0:00:30]} 25. Bd6 {[%emt 0:01:39]} Qd7 {[%emt 0:01:31]} 26. Qa2+ {[%emt 0:01:08]} Re6 {[%emt 0:00:56]} 27. Re2 {[%emt 0:00:48]} Rce8 {[%emt 0:00:39]} 28. Rbe1 {[%emt 0:00:14]} Bc8 {[%emt 0:00:24]} 29. Re3 {[%emt 0:01:46]} Bh6 {[%emt 0:00:58]} 30. R3e2 {[%emt 0:00:26]} Kg7 {[%emt 0:02:06]} 1/2-1/2